| 000 | 01273nam a22003497a 4500 | ||
|---|---|---|---|
| 003 | CHAP | ||
| 005 | 20220329133149.0 | ||
| 008 | 971013s1992 r 00010 d | ||
| 010 | _a2888 | ||
| 011 | _a3860 | ||
| 035 | _a3061 | ||
| 040 | _cCHAP | ||
| 090 | _aTesis | ||
| 100 | 0 | 0 |
_aGonzález Trinidad, Julián. _949462 |
| 245 | _aSistema de regulación de la red de conducción y distribución del Distrito de Riego No. 089, La Begoña, Gto. | ||
| 260 |
_aMontecillo, Méx. : _bEl autor, _c1992 |
||
| 300 |
_a186 h. _b: ilus. ; gráfs. |
||
| 502 | _aTesis (M.C. Esp. en Hidrociencias) -- C.P. Centro de HidrocienciasD47-180 | ||
| 590 |
_aALEPH _b10 _c20130110 _lUCH01 _h1214 |
||
| 590 |
_aBATCH-UPD _b10 _c20130110 _lUCH01 _h1613 |
||
| 590 |
_aBATCH-UPD _b10 _c20130410 _lUCH01 _h1008 |
||
| 590 |
_aBATCH-UPD _b10 _c20130914 _lUCH01 _h1208 |
||
| 590 |
_aCONVERSION _b10 _c20130109 _lUCH01 _h1303 |
||
| 650 | 1 | 4 |
_aAgua _xDistribucion. _92366 |
| 650 | 1 | 4 |
_aDistrito de Riego La Begoña, Gto. _932896 |
| 650 | 1 | 4 |
_aIrrigación _xProyectos. _960443 |
| 710 | 0 |
_aColegio de Postgraduados. Chapingo, Méx. Centro de Hidrociencias. _925085 |
|
| 901 | _aBK | ||
| 942 | _cFOLL | ||
| 949 |
_bBC _cTES _d-12569 _eTS1 _h24175 _i3061 _si |
||
| 949 |
_bBC _cTES _d-74881 _eTS2 _fc.2 _h24176 _i3061 _si |
||
| 999 |
_c2888 _d2888 |
||